LEADER 01712nam a2200313 u 4500 001 000000015986 003 CaOOAMICUS 005 20070226105937.0 008 941215s1935 au u000 u lat u 035 $a10374666 040 $aBAV$bita$dPUL(R) 100 1 $aHenninger, Joseph,$cS.V.D.$0(OLS)http://pul/name/14587 245 10$aS. Augustinus et doctrina de duplici iustitia :$binquisitio historico-critica in opinionem Hieronymi Seripandi (1493-1563) de justificatione ejusque habitudinem ad doctrinam S. Augustini /$cauctore Joseph Henninger. 260 $aMödling :$bTypis Domus missionum ad Sanctum Gabrielem,$c1935. 300 $ax, 164 p. ;$c23 cm 500 $aComprende indici. 502 $aDiss. -- Pontificia Universitā Gregoriana (Roma) 504 $aBibliografia: p. vii-x. 600 04$aAugustinus,$cs., vesc. d'Ippona,$d354-430$xTeologia.$0(OLS)http://pul/subject/1392 600 14$aSeripando, Girolamo,$ccard.,$d1493-1563.$0(OLS)http://pul/subject/9781 650 4$aGiustificazione per fede.$0(OLS)http://pul/subject/5011 710 2 $aPontificia Universitā Gregoriana.$0(OLS)http://pul/name/147 850 $aPUL 852 $aPUL$W1$xSL Religione 1$y3$m24 E 39$j22506$nBK-PRI$b $qStampati$B22506$CPULBib$Z2$F22506 $H $81 910 $aPontificia Universitas Gregoriana$9147 941 1 $a8 941 1 $a16 996 $6245$aS. Augustinus et doctrina de duplici iustitia :$binquisitio historico-critica in opinionem Hieronymi Seripandi (1493-1563) de justificatione ejusque habitudinem ad doctrinam S. Augustini$9(OLS)http://pul/title/22849 996 $6260$aMödling :$bTypis Domus missionum ad Sanctum Gabrielem$9(OLS)http://pul/publisher/54903 LEADER 01925nam a2200361 u 4500 001 000000028865 003 CaOOAMICUS 005 20110513155738.0 008 961113m19892006gw u001 u lat r 020 $a3775253475 (v. 1) 035 $a10745481 040 $aEFR$bita$dPUL(R)$dLaci 041 0 $alat$ager 245 04$aDie Urkunden Heinrich Raspes und Wilhelms von Holland /$cbearbeitet von Doeter Hägermann und Jaap G. Kruisheer ; unter Mitwirkung von Alfred Gawlik. 246 35$aHeinrici Rasponis et Wilhelmi de Hollandia diplomata 246 13$aUrkunden der deutschen Könige und Kaiser 260 $aHannover :$bHahnsche Buchhandlung,$c1989-2006. 300 $aCXI, 743 p. ;$c30 cm 490 1 $aMonumenta Germaniae historica.$aDiplomata regum et imperatorum Germaniae ;$v18 500 $a In testa al front: Urkunden der deutschen Könige und Kaiser 700 1 $aHägermann, Dieter,$d1939-$0(OLS)http://pul/name/23425 700 1 $aKruisheer, Jaap G.,$d1933-$0(OLS)http://pul/name/23426 700 1 $aGawlik, Alfred.$0(OLS)http://pul/name/13400 830 0$aMonumenta Germaniae historica.$pDiplomata regum et imperatorum Germaniae ;$v18.$0(OLS)http://pul/title/8388 850 $aPUL 852 $aPUL$W1$xSL Cons. Gen., Altre Classi 1$y1$m2017 C 4.18$j119478$nBK-PRI$qStampati$B40055$CPULBib$Z2$F40055 $H62816 $82 941 1 $a8 961 $aINV per Introductio: 104377; INV per fasc. 1: 62816 ; INV per fasc. 2: 104378. 996 $6020$a3775253475 (v. 1)$9(OLS)http://pul/number/35911 996 $6245$aDie Urkunden Heinrich Raspes und Wilhelms von Holland$9(OLS)http://pul/title/39434 996 $6246$aHeinrici Rasponis et Wilhelmi de Hollandia diplomata$9(OLS)http://pul/title/39435 996 $6246$aUrkunden der deutschen Könige und Kaiser$9(OLS)http://pul/title/39426 996 $6260$aHannover :$bHahnsche Buchhandlung$9(OLS)http://pul/publisher/47941